000 00743nam a2200229Ii 4500
003 JO-AjNU
008 230605s9999||||xx |||||||||||||| ||und||
017 _a2016/5/2074
020 _a978-9957-681-81-1
040 _aJO-AjNU
_bara
_erda
_cJO-AjNU
041 _aara
050 1 4 _aDS38.6.N343.2019
100 3 _aالنهار، عمار محمد,
_eauthor
_960788
245 0 0 _aالعصر العباسي الثاني
250 _aط1
264 3 1 _aعمان: دار الاعصار العلمي للنشر والتوزيع، 2019
300 _a465ص
336 _atext
_btxt
_2rdacontent
337 _aunmediated
_bn
_2rdamedia
338 _avolume
_bnc
_2rdacarrier
650 4 _aالعصر العباسي الثاني- تاريخ
_960789
999 _aA27434
_c31002
_d31002